000 00527nam a2200121Ia 4500
008 220615s9999||||xx |||||||||||||| ||und||
100 _aGendzier, Irene L.
245 0 _aDevelopment Against Democracy
_bManipulating Political Change in the Third World
546 _aEnglish[eng]
650 _aPolitical Science||International Relations||Political Science||Political Ideologies||Democracy||Business & Economics||Development
856 _uhttps://library.oapen.org/bitstream/20.500.12657/54144/1/external_content.pdf
942 _cEB
999 _c13138
_d13138